TEMAS de derecho industrial y de la competencia

Bibliographic Details
Format: Unknown
Language:Spanish
Published: Buenos Aires : Ciudad Argentina
Subjects:
Online Access:Acceso restringido

MARC

LEADER 00000ny a22000003n 4500
005 20110510131427.0
008 990812s19uu9999ag r spa d
022 |a 0328-9680 
035 |a 2203 
040 |a UCH  |c SCB  |d vLex 
090 |c 1540  |d 1540 
245 0 0 |a TEMAS de derecho industrial y de la competencia  |h [Recurso electrn̤ico]  |c Fundacin̤ Centro de Estudios Polt̕icos y Administrativos, Escuela de Derecho 
256 |a Servicio en ln̕ea 
260 |a Buenos Aires :  |b Ciudad Argentina 
310 |a Cuatrimestral 
506 1 |a Contenido solo disponible en los productos indicados  |d vLex Global  |d vLex Global (Academic Edition, excluding Law Schools)  |d vLex Global (U.S. Academic Edition, Law Schools)  |d vLex Global (U.S. Academic Edition, excluding Law Schools)  |d vLex Global (Academic Edition, Law Schools) 
650 0 4 |a Ciencias de la informacin̤  |x Publicaciones perid̤icas 
740 0 |a vLex Revista (Servicios en ln̕ea) 
843 |a Electrn̤ica. Abierta 
853 |8 1  |i (year)  |j (month)  |k (day) 
856 4 0 |u http://vlex.com/source/2203  |z Acceso restringido 
942 |c REV